New taxa of Festuca (Poaceae) from Ecuador (Registro nro. 13065)

Detalles MARC
000 -CABECERA
Campo de control 004990000a22001810004500
090 ## - CLASIFICACIÓN LOCAL
Colección AR
Consecutivo 04032
041 0# - IDIOMA
Código de idioma para texto/pista de sonido o título separado
100 1# - ASIENTO PRINCIPAL--NOMBRE PERSONAL
Nombre personal Stancik, Daniel
245 10 - MENCION DE TITULO
Título New taxa of Festuca (Poaceae) from Ecuador
650 14 - ASIENTO SECUNDARIO DE MATERIA - TERMINO TEMATICO
Término temático o nombre geográfico como elemento de entrada Botánica
650 14 - ASIENTO SECUNDARIO DE MATERIA - TERMINO TEMATICO
Término temático o nombre geográfico como elemento de entrada Taxonomía vegetal
650 14 - ASIENTO SECUNDARIO DE MATERIA - TERMINO TEMATICO
Término temático o nombre geográfico como elemento de entrada Nuevas especies
650 14 - ASIENTO SECUNDARIO DE MATERIA - TERMINO TEMATICO
Término temático o nombre geográfico como elemento de entrada Páramos
651 #4 - ASIENTO SECUNDARIO DE MATERIA - NOMBRE GEOGRAFICO
-- Ecuador
653 ## - TERMINO DE INDIZACION - NO CONTROLADO
-- Festuca
-- Festuca carchiense
773 1# - Item fuente:
Título Folia Geobotánica
Paginas del Articulo 97-110
Lugar, editorial y fecha de publicación 2004
Información sobre la relación 39
942 ## - ELEMENTOS ADICIONALES (KOHA)
Tipo de ítem Artículo
Existencias
Withdrawn status Lost status Damaged status No para préstamo Colección Ubicación Permanente Ubicación actual Fecha de adquisición Fuente de Valor Datos de publicación Seriada Total Checkouts Número topográfico Inventario / Código de Barras Date last seen Price effective from Forma de adquisición Tipo de material
      No para Préstamo Hemeroteca Bogotá Bogotá 27/02/2015 Stancik, Daniel Fuera de circulación   AR 04032 017625 25/03/2015 25/03/2015   Artículo